[Event "DGCS OPEN 2018"]
[Site "Ostrow Wielkopolski"]
[Date "2018.09.28"]
[Round "1.2"]
[White "Dziuba, Stanislaw"]
[Black "Przybylski, Wojciech"]
[Result "0-1"]
[BlackElo "2297"]
[WhiteElo "1834"]
[LiveChessVersion "1.4.8"]

1. Nf3 {[%clk 0:10:02]} Nf6 {[%clk 0:10:01]} 2. g3 {[%clk 0:10:00]} d5
{[%clk 0:09:56]} 3. Bg2 {[%clk 0:10:00]} Bg4 {[%clk 0:09:46]} 4. d4
{[%clk 0:09:40]} e6 {[%clk 0:09:39]} 5. O-O {[%clk 0:09:38]} Be7 {[%clk 0:09:27]}
6. c4 {[%clk 0:09:29]} c6 {[%clk 0:09:26]} 7. Ne5 {[%clk 0:08:28]} Bf5
{[%clk 0:09:23]} 8. Nc3 {[%clk 0:07:25]} Nbd7 {[%clk 0:09:12]} 9. cxd5
{[%clk 0:06:20]} exd5 {[%clk 0:09:09]} 10. Nd3 {[%clk 0:05:50]} O-O
{[%clk 0:09:07]} 11. b3 {[%clk 0:05:44]} Re8 {[%clk 0:08:57]} 12. Bb2
{[%clk 0:05:45]} Bd6 {[%clk 0:08:39]} 13. e3 {[%clk 0:05:35]} Ne4
{[%clk 0:08:11]} 14. Rc1 {[%clk 0:05:28]} Qg5 {[%clk 0:07:37]} 15. Ne2
{[%clk 0:04:56]} Bg4 {[%clk 0:04:13]} 16. f4 {[%clk 0:03:54]} Qh5
{[%clk 0:04:06]} 17. Rc2 {[%clk 0:03:32]} f5 {[%clk 0:03:18]} 18. Ne5
{[%clk 0:03:17]} Ndf6 {[%clk 0:03:19]} 19. Bc1 {[%clk 0:02:37]} Bb4
{[%clk 0:03:05]} 20. Nxg4 {[%clk 0:02:14]} fxg4 {[%clk 0:02:33]} 21. a3
{[%clk 0:02:01]} Bd6 {[%clk 0:02:32]} 22. Nc3 {[%clk 0:01:40]} Qf5
{[%clk 0:02:25]} 23. b4 {[%clk 0:01:32]} a6 {[%clk 0:02:24]} 24. Na4
{[%clk 0:00:53]} Re7 {[%clk 0:01:57]} 25. Nb2 {[%clk 0:00:41]} a5
{[%clk 0:01:17]} 26. Nd3 {[%clk 0:00:25]} h5 {[%clk 0:01:12]} 27. Qe1
{[%clk 0:00:16]} Nxg3 {[%clk 0:00:55]} 28. hxg3 {[%clk 0:00:13]} Qxd3
{[%clk 0:00:55]} 0-1

[Event "DGCS OPEN 2018"]
[Site "Ostrow Wielkopolski"]
[Date "2018.09.28"]
[Round "1.4"]
[White "Pulut, Andrzej"]
[Black "Dudzinski, Pawel"]
[Result "0-1"]
[BlackElo "2263"]
[WhiteElo "1796"]
[LiveChessVersion "1.4.8"]

1. d4 {[%clk 0:10:03]} f5 {[%clk 0:10:05]} 2. g3 {[%clk 0:09:58]} Nf6
{[%clk 0:10:07]} 3. Bg2 {[%clk 0:10:00]} g6 {[%clk 0:10:04]} 4. Nf3
{[%clk 0:10:01]} Bg7 {[%clk 0:10:06]} 5. O-O {[%clk 0:10:02]} O-O
{[%clk 0:10:07]} 6. c4 {[%clk 0:10:00]} d6 {[%clk 0:10:10]} 7. Nc3
{[%clk 0:10:00]} Qe8 {[%clk 0:10:12]} 8. b3 {[%clk 0:09:27]} Na6 {[%clk 0:09:31]}
9. Bb2 {[%clk 0:09:26]} c6 {[%clk 0:09:07]} 10. Re1 {[%clk 0:09:07]} e5
{[%clk 0:08:48]} 11. dxe5 {[%clk 0:08:23]} dxe5 {[%clk 0:08:49]} 12. e4
{[%clk 0:08:15]} f4 {[%clk 0:08:36]} 13. gxf4 {[%clk 0:07:43]} Nh5
{[%clk 0:08:18]} 14. Ne2 {[%clk 0:05:38]} Nxf4 {[%clk 0:08:11]} 15. Nxf4 Rxf4
{[%clk 0:05:42]} 16. Bc1 {[%clk 0:04:28]} Rf7 {[%clk 0:05:00]} 17. Ng5
{[%clk 0:04:11]} Rd7 {[%clk 0:04:59]} 18. Qe2 {[%clk 0:04:08]} h6
{[%clk 0:04:58]} 19. Nf3 {[%clk 0:04:02]} Nc5 {[%clk 0:04:51]} 20. Ba3
{[%clk 0:03:31]} Ne6 {[%clk 0:04:51]} 21. Bh3 {[%clk 0:03:19]} Nf4
{[%clk 0:04:51]} 22. Qf1 {[%clk 0:03:04]} Rd3 {[%clk 0:03:47]} 23. Bg2
{[%clk 0:01:56]} Bg4 {[%clk 0:02:42]} 24. Re3 {[%clk 0:01:50]} Rad8
{[%clk 0:02:25]} 25. Ne1 {[%clk 0:00:39]} Rd2 {[%clk 0:01:38]} 26. f3
{[%clk 0:00:40]} Be6 {[%clk 0:01:30]} 27. Bb4 {[%clk 0:00:39]} R2d7
{[%clk 0:01:26]} 28. Qf2 {[%clk 0:00:24]} Bf8 {[%clk 0:01:25]} 29. Bxf8
{[%clk 0:00:26]} Qxf8 {[%clk 0:01:27]} 30. Bf1 {[%clk 0:00:16]} Qf6
{[%clk 0:01:19]} 31. Qg3 {[%clk 0:00:17]} Rd2 {[%clk 0:01:15]} 32. Rc3
{[%clk 0:00:14]} h5 {[%clk 0:01:11]} 33. Nc2 h4 {[%clk 0:01:11]} 34. Qe1
{[%clk 0:00:06]} Qg5+ {[%clk 0:01:10]} 35. Kh1 {[%clk 0:00:08]} Bh3
{[%clk 0:01:09]} 36. a3 0-1

[Event "DGCS OPEN 2018"]
[Site "Ostrow Wielkopolski"]
[Date "2018.09.28"]
[Round "2.1"]
[White "Przybylski, Wojciech"]
[Black "Andrejczuk, Beata"]
[Result "1-0"]
[BlackElo "1948"]
[WhiteElo "2297"]
[LiveChessVersion "1.4.8"]

1. d4 {[%clk 0:09:56]} Nf6 {[%clk 0:10:04]} 2. c4 {[%clk 0:09:56]} c5
{[%clk 0:10:05]} 3. d5 {[%clk 0:09:50]} b5 {[%clk 0:10:06]} 4. cxb5
{[%clk 0:09:42]} a6 {[%clk 0:10:08]} 5. b6 {[%clk 0:09:39]} Qxb6 {[%clk 0:10:08]}
6. Nc3 {[%clk 0:09:38]} d6 {[%clk 0:10:05]} 7. Nf3 {[%clk 0:09:35]} g6
{[%clk 0:10:05]} 8. Nd2 {[%clk 0:09:32]} Bg7 {[%clk 0:10:02]} 9. g3
{[%clk 0:08:56]} O-O {[%clk 0:09:50]} 10. Bg2 {[%clk 0:08:57]} Nbd7
{[%clk 0:09:28]} 11. O-O {[%clk 0:08:52]} Ne5 {[%clk 0:08:57]} 12. h3
{[%clk 0:08:32]} Nh5 {[%clk 0:08:05]} 13. Kh2 {[%clk 0:08:15]} f5
{[%clk 0:07:47]} 14. f4 {[%clk 0:07:38]} Nd7 {[%clk 0:07:32]} 15. Nc4
{[%clk 0:06:53]} Qb4 {[%clk 0:07:07]} 16. Qd3 {[%clk 0:04:41]} a5
{[%clk 0:07:04]} 17. a3 {[%clk 0:04:38]} Qb3 {[%clk 0:06:58]} 18. Nd2
{[%clk 0:04:30]} Qb6 {[%clk 0:06:41]} 19. Qe3 {[%clk 0:03:49]} Rf7
{[%clk 0:06:23]} 20. Nf3 {[%clk 0:03:21]} h6 {[%clk 0:05:58]} 21. Nh4
{[%clk 0:02:54]} Kh7 {[%clk 0:05:48]} 22. Qd2 {[%clk 0:02:36]} Ba6
{[%clk 0:05:34]} 23. Re1 {[%clk 0:02:37]} c4 {[%clk 0:05:01]} 24. e4
{[%clk 0:02:32]} Nc5 {[%clk 0:04:14]} 25. exf5 {[%clk 0:01:53]} gxf5
{[%clk 0:04:14]} 26. Qe2 {[%clk 0:01:50]} Bxc3 {[%clk 0:02:07]} 27. Qxh5
{[%clk 0:01:23]} Rg7 {[%clk 0:00:42]} 28. Qxf5+ {[%clk 0:01:07]} Kg8
{[%clk 0:00:42]} 29. bxc3 {[%clk 0:01:04]} Bc8 {[%clk 0:00:31]} 30. Qh5
{[%clk 0:00:55]} Nd3 {[%clk 0:00:32]} 31. Qe8+ {[%clk 0:00:41]} Kh7
{[%clk 0:00:34]} 32. Be4+ {[%clk 0:00:41]} Qd8 1-0

[Event "DGCS OPEN 2018"]
[Site "Ostrow Wielkopolski"]
[Date "2018.09.28"]
[Round "2.2"]
[White "Bobrowski, Piotr"]
[Black "Janaszak, Dawid"]
[Result "0-1"]
[BlackElo "2276"]
[WhiteElo "1897"]
[LiveChessVersion "1.4.8"]

1. c4 {[%clk 0:10:06]} g6 {[%clk 0:10:04]} 2. Nc3 {[%clk 0:10:07]} Bg7
{[%clk 0:10:06]} 3. g3 {[%clk 0:10:08]} Nf6 {[%clk 0:10:02]} 4. Bg2
{[%clk 0:10:09]} O-O {[%clk 0:10:03]} 5. d4 {[%clk 0:10:11]} d6 {[%clk 0:10:03]}
6. e3 {[%clk 0:10:11]} Nc6 {[%clk 0:10:01]} 7. Nge2 {[%clk 0:10:10]} Bf5
{[%clk 0:09:57]} 8. O-O {[%clk 0:10:00]} Qd7 {[%clk 0:09:58]} 9. Re1
{[%clk 0:09:52]} Bh3 {[%clk 0:09:58]} 10. Bh1 {[%clk 0:09:53]} e5
{[%clk 0:09:40]} 11. d5 {[%clk 0:09:29]} Ne7 {[%clk 0:09:37]} 12. e4
{[%clk 0:09:11]} c6 {[%clk 0:09:28]} 13. f3 {[%clk 0:08:57]} Nh5 {[%clk 0:09:17]}
14. g4 {[%clk 0:08:22]} Nf6 {[%clk 0:08:57]} 15. Qd3 {[%clk 0:07:30]} h5
{[%clk 0:08:50]} 16. g5 {[%clk 0:07:22]} Nh7 {[%clk 0:08:51]} 17. Nd1
{[%clk 0:07:15]} cxd5 {[%clk 0:08:23]} 18. cxd5 {[%clk 0:07:16]} f5
{[%clk 0:07:26]} 19. gxf6 {[%clk 0:06:59]} Rxf6 {[%clk 0:07:17]} 20. Nf2
{[%clk 0:06:56]} Raf8 {[%clk 0:06:44]} 21. Bd2 {[%clk 0:06:34]} g5
{[%clk 0:06:31]} 22. Ng3 {[%clk 0:05:38]} Rh6 {[%clk 0:05:32]} 23. Rac1
{[%clk 0:05:10]} h4 {[%clk 0:05:05]} 24. Nxh3 {[%clk 0:04:28]} hxg3
{[%clk 0:04:45]} 25. Nxg5 {[%clk 0:04:23]} gxh2+ {[%clk 0:04:34]} 26. Kf2
{[%clk 0:04:09]} Nxg5 {[%clk 0:04:08]} 27. Bxg5 {[%clk 0:04:10]} Rg6
{[%clk 0:03:55]} 28. Bh4 {[%clk 0:03:04]} Bh6 {[%clk 0:03:39]} 29. Rc3
{[%clk 0:02:49]} Bf4 {[%clk 0:03:40]} 30. Ke2 {[%clk 0:02:34]} Rg7
{[%clk 0:03:22]} 31. Kd1 {[%clk 0:02:22]} Ng6 {[%clk 0:03:15]} 32. Bf2
{[%clk 0:02:18]} Qa4+ {[%clk 0:03:16]} 33. Qc2 {[%clk 0:02:03]} Qxa2
{[%clk 0:03:13]} 34. Ra3 {[%clk 0:02:01]} Qxa3 {[%clk 0:02:35]} 35. bxa3
{[%clk 0:02:00]} Rff7 {[%clk 0:02:37]} 36. Bxa7 {[%clk 0:01:55]} Rc7
{[%clk 0:02:39]} 37. Qb2 {[%clk 0:01:47]} Rc4 {[%clk 0:01:52]} 38. Bg2
{[%clk 0:01:27]} Rgc7 {[%clk 0:01:54]} 39. Bh3 {[%clk 0:01:18]} Rc1+
{[%clk 0:01:47]} 40. Ke2 {[%clk 0:01:14]} Rxe1+ {[%clk 0:01:45]} 41. Kxe1
{[%clk 0:01:16]} h1=Q+ {[%clk 0:01:46]} 42. Bf1 {[%clk 0:01:16]} Rc1+
{[%clk 0:01:40]} 43. Qxc1 {[%clk 0:01:16]} Bxc1 {[%clk 0:01:41]} 44. Ke2
{[%clk 0:01:14]} Nf4+ 0-1

[Event "DGCS OPEN 2018"]
[Site "Ostrow Wielkopolski"]
[Date "2018.09.28"]
[Round "2.4"]
[White "Ciesinski, Andrzej"]
[Black "Szadkowski, Kamil"]
[Result "0-1"]
[BlackElo "2194"]
[WhiteElo "1624"]
[LiveChessVersion "1.4.8"]

1. e4 {[%clk 0:10:02]} e5 {[%clk 0:10:05]} 2. Nf3 {[%clk 0:10:01]} Nc6
{[%clk 0:10:07]} 3. Bc4 {[%clk 0:10:02]} Bc5 {[%clk 0:10:08]} 4. c3
{[%clk 0:09:59]} Nf6 {[%clk 0:10:10]} 5. d3 {[%clk 0:10:00]} d6 {[%clk 0:10:01]}
6. O-O {[%clk 0:09:59]} a6 {[%clk 0:10:03]} 7. h3 {[%clk 0:09:47]} Ba7
{[%clk 0:10:04]} 8. Bb3 {[%clk 0:09:48]} Ne7 {[%clk 0:09:57]} 9. Re1
{[%clk 0:09:34]} Ng6 {[%clk 0:09:57]} 10. d4 {[%clk 0:08:29]} Qe7
{[%clk 0:09:47]} 11. Nbd2 {[%clk 0:07:28]} Bd7 {[%clk 0:09:18]} 12. Nf1
{[%clk 0:07:11]} O-O-O {[%clk 0:09:03]} 13. d5 {[%clk 0:07:12]} Nf4
{[%clk 0:09:01]} 14. Bxf4 {[%clk 0:06:12]} exf4 {[%clk 0:09:02]} 15. e5
{[%clk 0:06:04]} dxe5 {[%clk 0:09:03]} 16. Nxe5 {[%clk 0:05:31]} Qf8
{[%clk 0:08:09]} 17. Qf3 {[%clk 0:05:19]} g5 {[%clk 0:07:58]} 18. Nxd7
{[%clk 0:03:55]} Rxd7 {[%clk 0:07:42]} 19. Re5 {[%clk 0:03:56]} Qg7
{[%clk 0:06:26]} 20. Rae1 {[%clk 0:03:50]} Bc5 {[%clk 0:05:26]} 21. Bc2
{[%clk 0:01:38]} Kb8 {[%clk 0:05:14]} 22. Bf5 {[%clk 0:01:27]} Rdd8
{[%clk 0:05:16]} 23. b4 {[%clk 0:01:10]} Bd6 {[%clk 0:05:18]} 24. R5e2
{[%clk 0:01:11]} h5 {[%clk 0:05:20]} 25. Nh2 {[%clk 0:00:40]} Rdg8
{[%clk 0:05:14]} 26. g4 {[%clk 0:00:31]} hxg4 {[%clk 0:05:10]} 27. Nxg4
{[%clk 0:00:26]} Nxg4 {[%clk 0:04:28]} 28. Bxg4 {[%clk 0:00:21]} Rf8
{[%clk 0:04:04]} 29. Bf5 {[%clk 0:00:10]} g4 {[%clk 0:04:04]} 30. Qxg4 {time} 0-1

[Event "DGCS OPEN 2018"]
[Site "Ostrow Wielkopolski"]
[Date "2018.09.28"]
[Round "3.1"]
[White "Szadkowski, Kamil"]
[Black "Przybylski, Wojciech"]
[Result "0-1"]
[BlackElo "2297"]
[WhiteElo "2194"]
[LiveChessVersion "1.4.8"]

1. e4 {[%clk 0:10:04]} e5 {[%clk 0:10:04]} 2. Nf3 {[%clk 0:10:05]} Nf6
{[%clk 0:09:55]} 3. Nc3 {[%clk 0:10:05]} Bb4 {[%clk 0:09:44]} 4. Nxe5
{[%clk 0:09:38]} O-O {[%clk 0:09:42]} 5. Nd3 {[%clk 0:09:07]} Bxc3
{[%clk 0:09:43]} 6. dxc3 {[%clk 0:09:08]} Nxe4 {[%clk 0:09:43]} 7. Be3
{[%clk 0:09:01]} d5 {[%clk 0:09:39]} 8. Nf4 {[%clk 0:08:19]} c6 {[%clk 0:09:33]}
9. Bd3 {[%clk 0:08:15]} Nd7 {[%clk 0:08:50]} 10. Rg1 {[%clk 0:05:43]} Re8
{[%clk 0:08:23]} 11. Qf3 {[%clk 0:05:32]} Ne5 {[%clk 0:08:03]} 12. Qe2
{[%clk 0:05:28]} Nxf2 {[%clk 0:06:35]} 13. Bxh7+ {[%clk 0:03:49]} Kxh7
{[%clk 0:06:25]} 14. Qh5+ {[%clk 0:03:50]} Kg8 {[%clk 0:06:26]} 0-1

[Event "DGCS OPEN 2018"]
[Site "Ostrow Wielkopolski"]
[Date "2018.09.28"]
[Round "3.2"]
[White "Janaszak, Dawid"]
[Black "Laszewicz, Pawel"]
[Result "1/2-1/2"]
[BlackElo "2030"]
[WhiteElo "2276"]
[LiveChessVersion "1.4.8"]

1. e4 {[%clk 0:10:05]} e5 {[%clk 0:10:05]} 2. Nf3 {[%clk 0:10:05]} Nf6
{[%clk 0:10:06]} 3. Nxe5 {[%clk 0:10:06]} d6 {[%clk 0:10:08]} 4. Nf3
{[%clk 0:10:07]} Nxe4 {[%clk 0:10:09]} 5. Nc3 {[%clk 0:10:09]} Nxc3
{[%clk 0:10:10]} 6. dxc3 {[%clk 0:10:11]} Be7 {[%clk 0:10:10]} 7. Be3
{[%clk 0:10:07]} O-O {[%clk 0:10:07]} 8. Qd2 {[%clk 0:10:08]} Nc6
{[%clk 0:10:00]} 9. O-O-O {[%clk 0:09:59]} Bf6 {[%clk 0:09:31]} 10. h4
{[%clk 0:09:50]} Re8 {[%clk 0:09:06]} 11. Bd3 {[%clk 0:09:33]} Bg4
{[%clk 0:08:39]} 12. Rdg1 {[%clk 0:09:22]} Qd7 {[%clk 0:07:53]} 13. Ng5
{[%clk 0:09:05]} Bf5 {[%clk 0:05:58]} 14. g4 {[%clk 0:09:02]} Bxd3
{[%clk 0:05:54]} 15. Qxd3 {[%clk 0:09:03]} g6 {[%clk 0:05:45]} 16. h5
{[%clk 0:08:44]} Ne5 {[%clk 0:05:36]} 17. Qe2 {[%clk 0:07:00]} Re7
{[%clk 0:04:33]} 18. Ne4 {[%clk 0:06:18]} Bg7 {[%clk 0:04:08]} 19. hxg6
{[%clk 0:06:17]} fxg6 {[%clk 0:03:59]} 20. f3 {[%clk 0:06:05]} Qa4
{[%clk 0:03:25]} 21. Kb1 {[%clk 0:03:51]} Nxf3 {[%clk 0:03:17]} 22. Nf6+
{[%clk 0:03:36]} Bxf6 {[%clk 0:03:06]} 23. Qxf3 {[%clk 0:03:38]} Rf8
{[%clk 0:02:50]} 24. Qd5+ {[%clk 0:03:30]} Rff7 {[%clk 0:02:29]} 25. Bc1
{[%clk 0:03:05]} Qe4 {[%clk 0:02:08]} 26. Qa5 {[%clk 0:03:05]} a6
{[%clk 0:01:52]} 27. a3 {[%clk 0:03:03]} Re5 {[%clk 0:01:39]} 28. Qb4
{[%clk 0:03:00]} Qxb4 {[%clk 0:01:40]} 29. axb4 {[%clk 0:03:02]} Bg5
{[%clk 0:01:36]} 30. Bxg5 {[%clk 0:02:59]} Rxg5 {[%clk 0:01:37]} 31. Rh2
{[%clk 0:02:42]} Rf4 {[%clk 0:01:35]} 32. Rgh1 {[%clk 0:02:38]} Rfxg4
{[%clk 0:01:26]} 33. Rxh7 {[%clk 0:02:40]} Rg1+ 34. Ka2 Rxh1 {[%clk 0:01:29]} 35.
Rxh1 {[%clk 0:02:43]} Re5 {[%clk 0:01:24]} 36. c4 {[%clk 0:02:40]} g5
{[%clk 0:01:24]} 37. Kb3 {[%clk 0:02:41]} Kg7 {[%clk 0:01:24]} 38. Kc3
{[%clk 0:02:42]} Kg6 {[%clk 0:01:19]} 39. Kd3 {[%clk 0:02:42]} g4
{[%clk 0:01:20]} 40. Rh8 {[%clk 0:02:43]} Re7 {[%clk 0:01:20]} 41. Rg8+
{[%clk 0:02:34]} Rg7 {[%clk 0:00:59]} 42. Re8 {[%clk 0:02:31]} g3
{[%clk 0:00:57]} 43. Ke2 {[%clk 0:02:26]} Rf7 {[%clk 0:00:43]} 44. Rg8+
{[%clk 0:02:27]} Rg7 {[%clk 0:00:44]} 45. Rf8 {[%clk 0:01:39]} Rf7
{[%clk 0:00:40]} 46. Rg8+ {[%clk 0:01:40]} Rg7 {[%clk 0:00:42]} 47. Rf8
{[%clk 0:01:36]} Rf7 1/2-1/2

[Event "DGCS OPEN 2018"]
[Site "Ostrow Wielkopolski"]
[Date "2018.09.28"]
[Round "3.3"]
[White "Siwik, Rafal"]
[Black "Dudzinski, Pawel"]
[Result "0-1"]
[BlackElo "2263"]
[WhiteElo "1982"]
[LiveChessVersion "1.4.8"]

1. c4 {[%clk 0:10:05]} e5 {[%clk 0:10:04]} 2. Nc3 {[%clk 0:10:06]} Nc6
{[%clk 0:10:06]} 3. g3 {[%clk 0:10:08]} g6 {[%clk 0:10:09]} 4. Bg2
{[%clk 0:10:10]} Bg7 {[%clk 0:10:11]} 5. d3 {[%clk 0:10:08]} d6 {[%clk 0:10:12]}
6. Nf3 {[%clk 0:10:08]} h6 {[%clk 0:10:14]} 7. O-O {[%clk 0:10:08]} Be6
{[%clk 0:10:10]} 8. Rb1 {[%clk 0:09:39]} f5 {[%clk 0:09:44]} 9. b4
{[%clk 0:09:24]} e4 {[%clk 0:09:43]} 10. Nxe4 {[%clk 0:08:35]} fxe4
{[%clk 0:09:44]} 11. dxe4 {[%clk 0:08:37]} Bxc4 {[%clk 0:08:20]} 12. Qc2
{[%clk 0:08:33]} Bf7 {[%clk 0:07:52]} 13. Rd1 {[%clk 0:08:23]} Qe7
{[%clk 0:07:43]} 14. b5 {[%clk 0:07:16]} Ne5 {[%clk 0:07:29]} 15. Nxe5
{[%clk 0:05:36]} dxe5 {[%clk 0:06:10]} 16. Rd3 {[%clk 0:05:36]} Be6
{[%clk 0:03:29]} 17. Ba3 {[%clk 0:04:34]} Qf7 {[%clk 0:03:31]} 18. Rbd1
{[%clk 0:04:36]} Bf8 {[%clk 0:03:17]} 19. Bxf8 {[%clk 0:03:28]} Kxf8
{[%clk 0:03:17]} 20. Qc3 {[%clk 0:03:26]} Nf6 {[%clk 0:03:01]} 21. Qxe5
{[%clk 0:02:30]} Kg7 {[%clk 0:03:04]} 22. a4 {[%clk 0:02:08]} Rhe8
{[%clk 0:03:05]} 23. Qc3 {[%clk 0:02:00]} a6 {[%clk 0:03:05]} 24. e5
{[%clk 0:01:35]} Ng4 {[%clk 0:03:01]} 25. f4 {[%clk 0:01:25]} axb5
{[%clk 0:02:55]} 26. Bxb7 {[%clk 0:01:22]} Rxa4 {[%clk 0:02:31]} 27. Bc6
{[%clk 0:01:22]} Rc4 {[%clk 0:01:23]} 28. Qb2 {[%clk 0:01:21]} Rxc6
{[%clk 0:01:25]} 29. h3 {[%clk 0:01:22]} h5 {[%clk 0:01:07]} 30. hxg4
{[%clk 0:01:23]} hxg4 {[%clk 0:01:09]} 31. Kf2 {[%clk 0:01:20]} Rb6
{[%clk 0:01:09]} 32. Rh1 {[%clk 0:00:57]} Rbb8 {[%clk 0:00:56]} 33. Rhd1
{[%clk 0:00:58]} c5 {[%clk 0:00:56]} 34. Rd6 {[%clk 0:00:57]} b4 {[%clk 0:00:54]}
35. e4 {[%clk 0:00:58]} c4 {[%clk 0:00:55]} 36. Qd4 {[%clk 0:00:58]} c3
{[%clk 0:00:54]} 37. Ke3 {[%clk 0:00:43]} c2 {[%clk 0:00:55]} 38. Rc1
{[%clk 0:00:45]} b3 {[%clk 0:00:57]} 39. Qb2 {[%clk 0:00:34]} Qa7+
{[%clk 0:00:57]} 40. Ke2 {[%clk 0:00:31]} Bc4+ {[%clk 0:00:57]} 41. Ke1
{[%clk 0:00:30]} Qe3# 0-1

[Event "DGCS OPEN 2018"]
[Site "Ostrow Wielkopolski"]
[Date "2018.09.28"]
[Round "3.4"]
[White "Pedzich, Dominik"]
[Black "Chojnacki, Slawomir"]
[Result "0-1"]
[BlackElo "2182"]
[WhiteElo "2348"]
[LiveChessVersion "1.4.8"]

1. e4 {[%clk 0:10:01]} c6 {[%clk 0:10:05]} 2. d4 {[%clk 0:10:03]} d5
{[%clk 0:10:07]} 3. Nc3 {[%clk 0:10:04]} dxe4 {[%clk 0:10:09]} 4. Nxe4
{[%clk 0:10:06]} Nf6 {[%clk 0:10:11]} 5. Nxf6+ {[%clk 0:10:02]} gxf6
{[%clk 0:10:13]} 6. c3 {[%clk 0:09:50]} Bf5 {[%clk 0:10:14]} 7. Ne2
{[%clk 0:09:40]} Nd7 {[%clk 0:09:59]} 8. Ng3 {[%clk 0:09:41]} Bg6
{[%clk 0:10:00]} 9. Be2 {[%clk 0:09:36]} e6 {[%clk 0:09:54]} 10. Be3
{[%clk 0:09:18]} Bd6 {[%clk 0:09:50]} 11. a4 {[%clk 0:09:12]} Qc7
{[%clk 0:09:44]} 12. a5 {[%clk 0:09:11]} f5 {[%clk 0:09:11]} 13. Bg5
{[%clk 0:08:42]} h6 {[%clk 0:07:54]} 14. Bh4 {[%clk 0:08:34]} Be7
{[%clk 0:07:02]} 15. Bxe7 {[%clk 0:08:32]} Kxe7 {[%clk 0:07:04]} 16. Bf3
{[%clk 0:08:04]} a6 {[%clk 0:06:58]} 17. O-O {[%clk 0:08:03]} Rag8
{[%clk 0:06:11]} 18. Re1 {[%clk 0:07:59]} Kf8 {[%clk 0:05:33]} 19. c4
{[%clk 0:07:34]} f4 {[%clk 0:05:05]} 20. Ne4 {[%clk 0:07:17]} Bxe4
{[%clk 0:04:58]} 21. Rxe4 {[%clk 0:07:15]} Nf6 {[%clk 0:04:50]} 22. Re5
{[%clk 0:06:12]} Rg5 {[%clk 0:04:52]} 23. Qd2 {[%clk 0:06:00]} Rxe5
{[%clk 0:04:25]} 24. dxe5 {[%clk 0:06:01]} Qxe5 {[%clk 0:04:26]} 25. Qb4+
{[%clk 0:06:01]} Kg7 {[%clk 0:04:22]} 26. Qxb7 {[%clk 0:05:47]} Rb8
{[%clk 0:04:20]} 27. Qxa6 {[%clk 0:05:21]} Qxb2 {[%clk 0:03:57]} 28. Rd1
{[%clk 0:05:02]} Qc2 {[%clk 0:03:25]} 29. h3 {[%clk 0:04:42]} Rb2
{[%clk 0:03:09]} 30. Rf1 {[%clk 0:04:36]} c5 {[%clk 0:02:48]} 31. Qd6
{[%clk 0:04:19]} Qxc4 {[%clk 0:02:40]} 32. a6 {[%clk 0:04:19]} Ra2
{[%clk 0:02:38]} 33. Bb7 {[%clk 0:04:20]} Nd5 {[%clk 0:01:53]} 34. Qe5+
{[%clk 0:04:13]} Kh7 {[%clk 0:01:53]} 35. Qb8 {[%clk 0:03:16]} Nc3
{[%clk 0:01:45]} 36. a7 {[%clk 0:02:46]} Qxf1+ {[%clk 0:01:44]} 37. Kh2
{[%clk 0:02:40]} Ra1 {[%clk 0:01:22]} 0-1

[Event "DGCS OPEN 2018"]
[Site "Ostrow Wielkopolski"]
[Date "2018.09.28"]
[Round "4.1"]
[White "Przybylski, Wojciech"]
[Black "Dudzinski, Pawel"]
[Result "1/2-1/2"]
[BlackElo "2263"]
[WhiteElo "2297"]
[LiveChessVersion "1.4.8"]

1. e4 {[%clk 0:10:04]} c6 {[%clk 0:10:06]} 2. Nc3 {[%clk 0:10:02]} d5
{[%clk 0:10:07]} 3. Nf3 {[%clk 0:10:01]} g6 {[%clk 0:09:43]} 4. d4
{[%clk 0:09:30]} Bg7 {[%clk 0:09:44]} 5. e5 {[%clk 0:09:07]} Nh6 {[%clk 0:09:38]}
6. Bd3 {[%clk 0:08:40]} f6 {[%clk 0:09:41]} 7. Bf4 {[%clk 0:08:07]} Nf7
{[%clk 0:09:42]} 8. Qd2 {[%clk 0:07:51]} O-O {[%clk 0:09:30]} 9. O-O-O
{[%clk 0:07:38]} fxe5 {[%clk 0:09:29]} 10. Nxe5 {[%clk 0:06:57]} Nd7
{[%clk 0:09:11]} 11. Rde1 {[%clk 0:05:44]} Nfxe5 {[%clk 0:08:44]} 12. dxe5
{[%clk 0:05:32]} Nc5 {[%clk 0:08:46]} 13. h4 {[%clk 0:04:01]} Nxd3+
{[%clk 0:08:46]} 14. cxd3 {[%clk 0:04:03]} h5 {[%clk 0:04:43]} 15. Bh6
{[%clk 0:03:31]} Bf5 {[%clk 0:04:19]} 16. Bxg7 {[%clk 0:03:21]} Kxg7
{[%clk 0:04:20]} 17. f3 {[%clk 0:03:20]} Rh8 {[%clk 0:03:49]} 18. Reg1
{[%clk 0:02:21]} d4 {[%clk 0:02:48]} 19. Ne2 {[%clk 0:02:20]} Qd5
{[%clk 0:02:45]} 20. Kb1 {[%clk 0:01:03]} Be6 {[%clk 0:02:06]} 21. b3
{[%clk 0:00:48]} Qxe5 {[%clk 0:02:08]} 22. Nf4 {[%clk 0:00:50]} Raf8
{[%clk 0:01:59]} 23. g3 {[%clk 0:00:47]} Bd5 {[%clk 0:01:35]} 24. Re1
{[%clk 0:00:46]} Qd6 {[%clk 0:00:46]} 25. Qe2 {[%clk 0:00:40]} Rf7
{[%clk 0:00:27]} 26. Rhf1 {[%clk 0:00:33]} Re8 {[%clk 0:00:28]} 27. Qe5+
{[%clk 0:00:11]} Qxe5 {[%clk 0:00:24]} 28. Rxe5 {[%clk 0:00:13]} Rd8
{[%clk 0:00:14]} 29. Rfe1 {[%clk 0:00:10]} Rd7 {[%clk 0:00:10]} 30. Rg5
{[%clk 0:00:08]} Bxf3 {[%clk 0:00:06]} 31. Rxg6+ {[%clk 0:00:10]} Kh7
{[%clk 0:00:08]} 32. Rg5 {[%clk 0:00:09]} Rg7 {[%clk 0:00:07]} 33. Rge5
{[%clk 0:00:08]} Rxg3 {[%clk 0:00:07]} 34. Rxe7+ {[%clk 0:00:10]} Rxe7
{[%clk 0:00:10]} 35. Rxe7+ {[%clk 0:00:12]} Rg7 {[%clk 0:00:12]} 36. Rxg7+
{[%clk 0:00:13]} Kxg7 {[%clk 0:00:13]} 37. Ne6+ {[%clk 0:00:14]} Kf6
{[%clk 0:00:11]} 38. Nxd4 {[%clk 0:00:15]} Bd5 {[%clk 0:00:12]} 39. Kc2
{[%clk 0:00:12]} Ke5 {[%clk 0:00:15]} 40. Ne2 {[%clk 0:00:13]} Bf3
{[%clk 0:00:17]} 41. Nc3 {[%clk 0:00:07]} Kf4 {[%clk 0:00:18]} 42. Kd2
{[%clk 0:00:09]} Kg3 {[%clk 0:00:16]} 43. Ke3 {[%clk 0:00:11]} Bg4
{[%clk 0:00:16]} 44. Ne4+ {[%clk 0:00:13]} Kxh4 {[%clk 0:00:17]} 45. Kf2
{[%clk 0:00:11]} Bf5 {[%clk 0:00:18]} 46. Nd6 {[%clk 0:00:13]} Bxd3
{[%clk 0:00:18]} 47. Nxb7 {[%clk 0:00:14]} Kg4 {[%clk 0:00:13]} 48. b4
{[%clk 0:00:09]} h4 {[%clk 0:00:15]} 49. Nc5 {[%clk 0:00:08]} Bc4
{[%clk 0:00:13]} 50. a4 {[%clk 0:00:08]} h3 {[%clk 0:00:15]} 51. Kg1
{[%clk 0:00:08]} Kg3 {[%clk 0:00:16]} 52. Ne4+ {[%clk 0:00:10]} Kf3
{[%clk 0:00:17]} 53. Nd2+ {[%clk 0:00:12]} Ke3 {[%clk 0:00:16]} 54. Nxc4+
{[%clk 0:02:12]} Kd4 {[%clk 0:00:16]} 55. Na5 {[%clk 0:01:54]} Kd5
{[%clk 0:00:14]} 56. Kh2 c5 57. b5 {[%clk 0:00:37]} c4 {[%clk 0:00:19]} 58. Kxh3
{[%clk 0:00:36]} Kc5 {[%clk 0:00:09]} 59. Kg4 {[%clk 0:00:21]} Kb4
{[%clk 0:00:07]} 60. Nc6+ {[%clk 0:00:12]} Kxa4 {[%clk 0:00:09]} 61. Nxa7
{[%clk 0:00:11]} Ka5 {[%clk 0:00:11]} 62. Kf3 Kb6 63. Nc8+ {[%clk 0:00:07]} Kxb5
{[%clk 0:00:14]} 64. Nd6+ {[%clk 0:00:09]} Kc5 {[%clk 0:00:17]} 65. Nxc4
{[%clk 0:00:11]} 1/2-1/2